000 00664nam a2200289Ia 4500
005 20260324133037.0
008 008 260324s9999 xx 000 0 eng d
020 _a9780203724767
037 _aEBOOK
040 _aCRL
040 _beng
040 _cCRL
041 _2eng
041 _aeng
084 _qCRL
100 _aFrancois Lenormant
_91191584
245 0 _aChaldean Magic
245 0 _bIts Origin and Development
260 _bTaylor and Francis
260 _c2004
365 _a
365 _b120
856 _uhttp://www.taylorfrancis.com/books/9780203724767
942 _cEBOOK
999 _c1790273
_d1790273